| 000 | 00857nam a2200265Ia 4500 | ||
|---|---|---|---|
| 003 | OSt | ||
| 005 | 20221005072617.0 | ||
| 006 | a|||||r|||| 00| 0 | ||
| 007 | ta | ||
| 008 | 221004b |||||||| |||| 00| 0 eng d | ||
| 020 |
_a8178885271 (hbk) _c1795 |
||
| 024 | _a99046 | ||
| 037 |
_b370, 22/12/2009, Eastern Book Linkers _cTextual |
||
| 040 |
_aCRL _cCRL _beng |
||
| 041 |
_2eng _aeng |
||
| 082 | _aO111:g, P9 | ||
| 100 |
_aReed Daniel Ed. _9607298 |
||
| 245 | 0 | _aCreativity, characters & influences of the literary genius | |
| 260 |
_aNew Delhi _bDominant Publishers And Distributors India _c2009 |
||
| 300 |
_a290p. _ccm. |
||
| 650 | _aENGLISH LITERATURE | ||
| 700 |
_a Horton Tim Ed. _9607299 |
||
| 942 |
_hO111:g, P9 _cTEXL _2cc |
||
| 999 |
_c979723 _d979723 |
||